Proyecto centro cívico : [Colinas de San Javier] /

Centro cultural para la colonia Lomas del Valle en Zapopan, Jalisco, proyectado por el Arquitecto Julio de la Peña. Esta lámina se presenta la planta del conjunto.

Na minha lista:
Detalhes bibliográficos
Autor principal: Peña, Julio de la (autor)
Outros Autores: Tapia, Gustavo (autor) (autor), Peña Rivero, José Antonio de la (dibujante) (dibujante)
Formato: Imagem
Assuntos:
Acesso em linha:Ver documento en línea
Tags: Adicionar Tag
Sem tags, seja o primeiro a adicionar uma tag!

MARC

LEADER 00000nkm^a2200000^a^4500
001 000373093
005 20251023000000.0
009 20260310120028.673
037 |a Acervo ITESO - Biblioteca 
041 |a GRA 
082 |a 720. 97206  |b PEÑ CUL SAN V. 6 
100 |a Peña, Julio de la  |e (autor) 
240 1 1 |a [Centros Culturales de Julio de la Peña] 
240 1 1 |a [Centro cultural San Javier: plantas] 
245 1 0 |a Proyecto centro cívico :  |b [Colinas de San Javier] /  |c J. de la Peña. 
255 |a Escala 1 : 100 
264 0 |a Guadalajara, México :  |b dibujo inédito,  |c 1986 
300 |a 1 copia 
300 |a 1 dibujo arquitectónico :  |b dibujo a tinta ;  |c 62.0 x 89.5 cm. 
336 |a imagen fija bidimensional :  |b sti  |2 rdacontenido 
337 |a sin mediación  |b n  |2 rdamedio 
338 |a plano arquitectónico  |b nz  |2 rdasoporte 
520 |a Centro cultural para la colonia Lomas del Valle en Zapopan, Jalisco, proyectado por el Arquitecto Julio de la Peña. Esta lámina se presenta la planta del conjunto. 
649 |a XX 
650 |a Arquitectos Jaliscienses 
650 |a Arquitectos Mexicanos 
650 |a Artistas Jaliscienses 
650 |a Artistas Mexicanos 
650 |a Centros Culturales -  |z Zapopan, Jalisco -  |x Tema Principal 
650 |a Centros Culturales -  |z Jalisco 
650 |a Centros Culturales -  |z México 
650 |a Planos Arquitectónicos -  |x Tema Principal 
650 |a Planos Arquitectónicos -  |x Plantas 
650 |a Dibujo Arquitectónico 
650 |a Dibujo Técnico 
650 |a Representación Arquitectónica 
650 |a Diseño Arquitectónico 
650 |a Arquitectura Moderna -  |z Zapopan, Jalisco -  |x Tema Principal 
650 |a Arquitectura Moderna -  |z México 
650 |a Arquitectura Jalisciense -  |y 1980-1989 
650 |a Arquitectura Jalisciense -  |y Siglo XX 
650 |a Arquitectura Mexicana -  |y 1980-1989 
650 |a Arquitectura Mexicana -  |y Siglo XX 
650 |a Arte Moderno -  |z Zapopan, Jalisco 
650 |a Arte Moderno -  |z México 
650 |a Arte Jalisciense -  |y 1980-1989 
650 |a Arte Jalisciense -  |y Siglo XX 
650 |a Arte Mexicano -  |y 1980-1989 
650 |a Arte Mexicano -  |y Siglo XX 
600 |a Peña, Julio de la 
700 |a Tapia, Gustavo  |e (autor) 
700 |a Peña Rivero, José Antonio de la  |e (dibujante) 
856 4 0 |u https://apps.biblio.iteso.mx/videre/ver.aspx?ns=000195404  |y Ver documento en línea 
910 |a Fondo Julio de la Peña Lomelín 
920 |a Gráficos - Planos Arquitectónicos 
940 |a Arquitectos Jaliscienses 
905 |a 501 
901 |a 0500267810  |b IT2  |c ARQ  |u 20250521 
902 |a https://opac.biblio.iteso.mx/vufind/Record/000373093